000 00660nam a2200265Ia 4500
005 20260306164041.0
008 008 260114s9999 xx 000 0 eng d
020 _a9780226822433
037 _aEBOOK
040 _aCRL
040 _beng
040 _cCRL
041 _2eng
041 _aeng
084 _qCRL
100 _aAdriaens
_91129899
245 0 _aOf Maybugs And Men: A History And Philosophy Of The Sciences Of Homosexuality
260 _bUniversity of Chicago Press
260 _c2023
650 _aPhilosophy
856 _uhttps://academic.oup.com/book/46235
942 _cEBOOK
999 _c1712546
_d1712546